000 00365nam a2200145Ia 4500
008 230718s9999 xx 000 0 und d
041 _aEng.
082 _a500
_bعال-ہ
100 _aعالم ، حمیرا
245 0 _aہار کامہ کی سانس
260 _aPakistan
_bاردو ساتلی مورو
_c1983
300 _a193
650 _aLaw
999 _c28830
_d28830